| 000 | 00971cab a2200277 4500 | ||
|---|---|---|---|
| 001 | WB3436-28 | ||
| 008 | 090401t1998 xxu||||| |||| 00| 0 eng d | ||
| 035 | _a(Sirsi) u88678 | ||
| 041 | _aeng | ||
| 245 | _aHeat exchange | ||
| 260 | _c1998 | ||
| 350 | _a0 | ||
| 490 |
_aEstates Gazette _v(9838) 19 September 1998, 152(1) |
||
| 520 | _aDiscusses "Creska Ltd v Hammersmith and Fulham LBC" where the issue was whether a tenant was obliged under the repairing covenant to repair an underfloor heating system, or whether this could be replaced with storage heaters. | ||
| 650 | _aCRESKA LTD V HAMMERSMITH AND FULHAM LBC | ||
| 650 | _aELMCROFT DEVELOPMENTS LTD V TANKERSLEY SAWYER | ||
| 650 | _aIMPROVEMENTS | ||
| 650 | _aMORCOM V CAMPBELL-JOHNSON | ||
| 650 | _aREPAIRING COVENANTS | ||
| 650 | _aREPAIRING OBLIGATIONS | ||
| 650 | _aREPAIRS | ||
| 650 | _aSTENT V MONMOUTH DC | ||
| 690 | _aLANDLORD AND TENANT-CASE LAW | ||
| 942 | _n0 | ||
| 948 | _c25/09/1998 | ||
| 999 |
_c56065 _d56065 |
||